| 000 | 00672nam a22002417a 4500 | ||
|---|---|---|---|
| 003 | OSt | ||
| 005 | 20220107122806.0 | ||
| 008 | 151005b xxu||||| |||| 00| 0 eng d | ||
| 020 | _a9788122415346 | ||
| 040 | _cIIITMK | ||
| 082 | _a518.4 JAI/N | ||
| 100 |
_aJain, M. K. _97932 |
||
| 245 |
_aNumerical methods: _bProblems and solutions _cJain, M. K. et. al. |
||
| 250 | _aRevised 2nd | ||
| 260 |
_aNew Delhi, _bNew Age International, _c2013. |
||
| 300 |
_a421p. _eCD ROM |
||
| 650 |
_aMATHEMATICS _97933 |
||
| 650 |
_aNUMBER THEORY _97934 |
||
| 650 |
_aNUMERICAL METHODS _97935 |
||
| 700 |
_aIyengar, S. R. K _97936 |
||
| 700 |
_aJain, R. K. _97937 |
||
| 942 |
_2ddc _cBK |
||
| 999 |
_c4860 _d4860 |
||